| 000 | 00978cab a2200181 4500 | ||
|---|---|---|---|
| 001 | ##L133227 | ||
| 008 | 060421n2006 000 0 eng u | ||
| 035 | _a(Sirsi) u133227 | ||
| 041 | 0 | _aeng | |
| 100 | 1 | _aPicarda, Dominic | |
| 245 | 0 | 0 | _aFive-star valuations |
| 260 | _c2006 | ||
| 490 | 0 |
_aInvestors Chronicle _v13 April 2006, 51-52(2) |
|
| 520 | _aSearching for a hotel company to invest in at this moment may prove tricky as the choice is narrow and the prices are sky high due to more and more people travelling for both business and pleasure. Shares in the sector have enjoyed a boom and a hunger among real-estate investors for commercial property assets. However, international travel restrictions as a result of flu outbreaks and terrorist attacks can lead the global hotel trade open to periods of vulnerability. | ||
| 590 | _aIKA250406 | ||
| 690 | _aPROPERTY-COMMERCIAL PROPERTY-LEISURE PROPERTY-HOLIDAY AND GUEST PROPERTY-HOTEL PROPERTY-HOTELS | ||
| 942 | _n0 | ||
| 999 |
_c76880 _d76880 |
||